000 00328nam a2200145Ia 4500
008 191201s2009 xx 000 0 und d
082 _a658.0954
_bFEB
100 _aFERNANDO,AC
245 0 _aBusiness Environment
250 _a1st
260 _aN. delhi
_bpearson
_c2009
300 _a663
650 _aBBA
942 _2ddc
_cBK
_06
999 _c5758
_d5758